[Event "Albena op"]
[Site "Albena"]
[Date "2010.06.09"]
[Round "7"]
[White "Spiridonov, Nikola"]
[Black "Piskovets, Nikita"]
[Result "1/2-1/2"]
[WhiteElo "2313"]
[BlackElo "2052"]
[PlyCount "76"]
[EventDate "2010.06.03"]
[EventType "swiss"]
[EventRounds "9"]
[EventCountry "BUL"]
[SourceTitle "CBM 136 Extra"]
[Source "ChessBase"]
[SourceDate "2010.07.02"]
[SourceVersion "2"]
[SourceVersionDate "2010.07.15"]
[SourceQuality "1"]

1. c4 e6 2. g3 d5 3. Nf3 dxc4 4. Qa4+ Nd7 5. Qxc4 a6 6. Bg2 b5 7. Qc2 Bb7 8. 0-0 Ngf6 9. b3 Be7 10. Bb2 0-0 11. d3 c5 12. Nbd2 Qb6 13. Rac1 Rac8 14. Qb1 Rfd8 15. Qa1 Ne8 16. Rc2 Ndf6 17. Rfc1 Nd5 18. a3 Ndf6 19. Bf1 h6 20. Ne5 Nd7 21. Ndf3 Nxe5 22. Nxe5 Nf6 23. Bg2 Bxg2 24. Kxg2 Qb7+ 25. Nf3 Rd5 26. a4 Ne8 27. axb5 axb5 28. b4 Ra8 29. Qb1 cxb4 30. Kg1 Rdd8 31. Nd4 Bf6 32. Nc6 Rd7 33. Bxf6 Nxf6 34. Qxb4 Nd5 35. Qb3 Rc7 36. e4 Ne7 37. Nxe7+ Rxe7 38. Rb1 Rb8 1/2-1/2

[Event "Albena op"]
[Site "Albena"]
[Date "2010.06.05"]
[Round "3"]
[White "Spiridonov, Nikola"]
[Black "Aseeva, Marina"]
[Result "1/2-1/2"]
[WhiteElo "2313"]
[BlackElo "2162"]
[PlyCount "36"]
[EventDate "2010.06.03"]
[EventType "swiss"]
[EventRounds "9"]
[EventCountry "BUL"]
[SourceTitle "CBM 136 Extra"]
[Source "ChessBase"]
[SourceDate "2010.07.02"]
[SourceVersion "2"]
[SourceVersionDate "2010.07.15"]
[SourceQuality "1"]

1. e4 e5 2. Nf3 Nc6 3. Bb5 a6 4. Ba4 Nf6 5. d4 exd4 6. 0-0 Be7 7. e5 Ne4 8. Nxd4 Nxd4 9. Qxd4 Nc5 10. Nc3 0-0 11. Bg5 Nxa4 12. Bxe7 Qxe7 13. Nxa4 b6 14. Rfe1 Bb7 15. Re3 Rad8 16. Rd1 Qe6 17. Nc3 f6 18. exf6 Qxf6 1/2-1/2